<?xml version="1.0" encoding="UTF-8"?>
<record
    xmlns:xsi="http://www.w3.org/2001/XMLSchema-instance"
    xsi:schemaLocation="http://www.loc.gov/MARC21/slim http://www.loc.gov/standards/marcxml/schema/MARC21slim.xsd"
    xmlns="http://www.loc.gov/MARC21/slim">

  <leader>01097nam0a2200313   4500</leader>
  <controlfield tag="001">RU\NLR\ONL2\28886</controlfield>
  <controlfield tag="005">20250613224935.0</controlfield>
  <datafield tag="010" ind1=" " ind2=" ">
    <subfield code="a">978-5-7696-4150-3</subfield>
    <subfield code="9">5000</subfield>
  </datafield>
  <datafield tag="035" ind1=" " ind2=" ">
    <subfield code="a">(NLR Aleph) 010215839</subfield>
  </datafield>
  <datafield tag="090" ind1=" " ind2=" ">
    <subfield code="a">10296993</subfield>
    <subfield code="c">10296993</subfield>
  </datafield>
  <datafield tag="100" ind1=" " ind2=" ">
    <subfield code="a">20131106d2013    |||y0rusy50      ca</subfield>
  </datafield>
  <datafield tag="101" ind1="0" ind2=" ">
    <subfield code="a">sah</subfield>
  </datafield>
  <datafield tag="102" ind1=" " ind2=" ">
    <subfield code="a">RU</subfield>
  </datafield>
  <datafield tag="105" ind1=" " ind2=" ">
    <subfield code="a">a |||||||||</subfield>
  </datafield>
  <datafield tag="200" ind1="1" ind2=" ">
    <subfield code="a">&#x42B;&#x43B;&#x43B;&#x44B;&#x43A;</subfield>
    <subfield code="e">&#x430;&#x43B;&#x44B;&#x43D; &#x43A;&#x44B;&#x43B;&#x430;&#x430;&#x441; &#x43E;&#x495;&#x43E;&#x43B;&#x43E;&#x440;&#x443;&#x433;&#x430;&#x440;</subfield>
    <subfield code="f">[&#x445;&#x43E;&#x43C;&#x443;&#x439;&#x430;&#x43D; &#x43E;&#x4A5;&#x43E;&#x440;&#x434;&#x443;&#x43B;&#x430;&#x440; &#x413;. &#x421;. &#x413;&#x430;&#x432;&#x440;&#x438;&#x43B;&#x44C;&#x435;&#x432;&#x430;, &#x41B;. &#x421;. &#x417;&#x430;&#x440;&#x43E;&#x432;&#x43D;&#x44F;&#x435;&#x432;&#x430;</subfield>
    <subfield code="g">&#x421;. &#x42E;. &#x41E;&#x440;&#x435;&#x441;&#x442;&#x43E;&#x432; &#x443;&#x440;&#x443;&#x4BB;&#x443;&#x439;&#x434;&#x430;&#x440;&#x430;]</subfield>
  </datafield>
  <datafield tag="210" ind1=" " ind2=" ">
    <subfield code="a">&#x414;&#x44C;&#x43E;&#x43A;&#x443;&#x443;&#x441;&#x43A;&#x430;&#x439;</subfield>
    <subfield code="c">&#x411;&#x438;&#x447;&#x438;&#x43A;</subfield>
    <subfield code="d">2013</subfield>
  </datafield>
  <datafield tag="215" ind1=" " ind2=" ">
    <subfield code="a">79 &#x441;.</subfield>
    <subfield code="c">&#x438;&#x43B;.</subfield>
    <subfield code="d">21</subfield>
  </datafield>
  <datafield tag="225" ind1="1" ind2=" ">
    <subfield code="a">&#x411;&#x438;&#x438;&#x440;&#x433;&#x44D; &#x430;&#x430;&#x495;&#x430;&#x431;&#x44B;&#x442;</subfield>
  </datafield>
  <datafield tag="541" ind1="1" ind2=" ">
    <subfield code="a">&#x422;&#x440;&#x43E;&#x43F;&#x438;&#x43D;&#x43A;&#x430;</subfield>
    <subfield code="z">rus</subfield>
  </datafield>
  <datafield tag="686" ind1="1" ind2=" ">
    <subfield code="a">&#x428;9(2)6=&#x42F; &#x44F;44</subfield>
  </datafield>
  <datafield tag="702" ind1=" " ind2="1">
    <subfield code="a">&#x413;&#x430;&#x432;&#x440;&#x438;&#x43B;&#x44C;&#x435;&#x432;&#x430;</subfield>
    <subfield code="b">&#x413;. &#x421;.</subfield>
    <subfield code="g">&#x413;&#x430;&#x43B;&#x438;&#x43D;&#x430; &#x421;&#x435;&#x43C;&#x451;&#x43D;&#x43E;&#x432;&#x43D;&#x430;</subfield>
    <subfield code="4">220</subfield>
  </datafield>
  <datafield tag="702" ind1=" " ind2="1">
    <subfield code="a">&#x41E;&#x440;&#x435;&#x441;&#x442;&#x43E;&#x432;</subfield>
    <subfield code="b">&#x421;. &#x42E;.</subfield>
    <subfield code="4">440</subfield>
  </datafield>
  <datafield tag="801" ind1=" " ind2="0">
    <subfield code="a">RU</subfield>
    <subfield code="b">NLR</subfield>
    <subfield code="c">20131106</subfield>
    <subfield code="g">PSBO</subfield>
  </datafield>
  <datafield tag="852" ind1=" " ind2=" ">
    <subfield code="a">NLR</subfield>
    <subfield code="b">&#x41E;&#x41D;&#x41B;</subfield>
    <subfield code="j">&#x42F;&#x43A;&#x443;&#x442;./3-2867</subfield>
  </datafield>
  <datafield tag="942" ind1=" " ind2=" ">
    <subfield code="c">BOOK</subfield>
  </datafield>
  <datafield tag="980" ind1=" " ind2=" ">
    <subfield code="a">NB</subfield>
  </datafield>
  <datafield tag="980" ind1=" " ind2=" ">
    <subfield code="a">ONL_RF</subfield>
  </datafield>
  <datafield tag="995" ind1=" " ind2=" ">
    <subfield code="5">2015-05-13</subfield>
    <subfield code="b">NLR01</subfield>
    <subfield code="c">NLR01</subfield>
    <subfield code="e">ONL</subfield>
    <subfield code="f">1-698121</subfield>
    <subfield code="k">&#x41E;&#x41D;&#x41B; &#x42F;&#x43A;&#x443;&#x442;./3-2867</subfield>
    <subfield code="o">0</subfield>
    <subfield code="r">BOOK</subfield>
    <subfield code="s">_32867</subfield>
  </datafield>
</record>
